| 000 | 00694nam a2200241Ia 4500 | ||
|---|---|---|---|
| 003 | OSt | ||
| 005 | 20240503170621.0 | ||
| 008 | 210210b1952 xxu||||| |||| 00| 0 eng d | ||
| 040 | _cAL | ||
| 041 | _aHindi | ||
| 082 | _a869/122 | ||
| 100 |
_aMISRA (K L) _dमिश्र (के एल) _9163120 |
||
| 245 |
_aAakash Ke Taare Dharati Ke Phool _bआकाश के तारे धरती के फूल |
||
| 260 |
_aKAshi _bBharatiya Jnanapitha Prakashana _c1952 |
||
| 650 |
_athAre _9163121 |
||
| 650 |
_aphUl _9163122 |
||
| 650 |
_ake _9163123 |
||
| 650 |
_adharti _9163124 |
||
| 650 |
_aAkAsh _9163125 |
||
| 690 |
_aHindi Fiction _9163126 |
||
| 906 | _a023921 | ||
| 942 |
_2ddc _cBK |
||
| 999 |
_c148886 _d148886 |
||